[Event "Let's Play Chess!"]
[Site "http://www.queenalice.com/game.php?id=1221817"]
[Date "2013.10.3"]
[Round "-"]
[White "franz_ferdinand"]
[Black "seoulmama"]
[Result "0-1"]
[WhiteElo "2077"]
[BlackElo "2135"]

1. c4 Nf6 2. g3 g6 3. Bg2 Bg7 4. e3 O-O 5. Ne2 d6 6. O-O e5 7. Nbc3 Re8 8. d4 e4
9. Qc2 Bf5 10. h3 h5 11. b3 Nbd7 12. Bb2 Nf8 13. d5 Qc8 14. Kh2 g5 15. Nd4 Bh7
16. b4 Ng6 17. Nxe4 Nxe4 18. Bxe4 Rxe4 19. Qxe4 Nf4 20. Qf3 Qxh3+ 21. Kg1 Bxd4
22. Bxd4 Be4 23. Qxe4 Ne2# 0-1

[Event "Challenge"]
[Site "http://www.queenalice.com/game.php?id=1222355"]
[Date "2013.10.5"]
[Round "-"]
[White "seoulmama"]
[Black "patoche"]
[Result "0-1"]
[WhiteElo "2145"]
[BlackElo "2404"]

1. e4 Nc6 2. Nf3 f5 3. e5 d6 4. Bb5 dxe5 5. d4 exd4 6. Nxd4 Qd5 7. Nxc6 Qxb5 8.
Qd8+ Kf7 9. Nd4 Qb4+ 10. Nc3 Qd6 11. Qxd6 cxd6 12. Be3 f4 13. Bd2 e5 14. Ndb5
Nf6 15. Nc7 Rb8 16. g3 Bf5 17. gxf4 Rc8 18. fxe5 dxe5 19. N7d5 Nxd5 20. Nxd5 Be4
0-1

[Event "Challenge"]
[Site "http://www.queenalice.com/game.php?id=1222356"]
[Date "2013.10.5"]
[Round "-"]
[White "patoche"]
[Black "seoulmama"]
[Result "1-0"]
[WhiteElo "2427"]
[BlackElo "2137"]

1. e4 e6 2. Nf3 d5 3. e5 c5 4. b4 d4 5. bxc5 Bxc5 6. Ba3 Qa5 7. Bxc5 Qxc5 8. Qe2
a6 9. Qc4 Qxc4 10. Bxc4 b5 11. Bd3 Nd7 12. Be4 Ra7 13. O-O Rc7 14. Re1 Rc5 15.
a4 b4 16. Ra2 Ne7 17. Rb2 Nxe5 18. Nxe5 Rxe5 19. f4 Rc5 20. Rxb4 Nc6 21. Bxc6+
Rxc6 22. Na3 d3 23. c3 Rd6 24. Nc4 Rd8 25. Re5 f6 26. Rc5 O-O 27. Rb6 e5 28.
fxe5 fxe5 29. Nxe5 Rf5 30. Rb8 Rdf8 31. g4 Rf1+ 32. Kg2 Be6 33. Rxf8+ Rxf8 34.
c4 Bc8 35. Kg3 Bb7 36. Rc7 Be4 37. h4 h6 38. h5 Rf6 39. c5 g5 40. hxg6 Bxg6 41.
c6 1-0

[Event "Let's Play Chess!"]
[Site "http://www.queenalice.com/game.php?id=1226706"]
[Date "2013.10.25"]
[Round "-"]
[White "seoulmama"]
[Black "Aspayne"]
[Result "1-0"]
[WhiteElo "2137"]
[BlackElo "1986"]

1. e4 c6 2. d4 d5 3. e5 Bf5 4. Nf3 e6 5. Be2 Ne7 6. O-O Nd7 7. Nh4 Qb6 8. g4 Bg6
9. f4 f6 10. Nc3 O-O-O 11. Kh1 f5 12. g5 Bf7 13. Nf3 Ng6 14. Be3 Be7 15. Qd2 h6
16. Rg1 Rh7 17. Rg3 Rdh8 18. Bg1 hxg5 19. Nxg5 Bxg5 20. Rxg5 Rh4 21. Rf1 Ndf8
22. Rg3 Qxb2 23. Rb1 Qa3 24. Ne4 Qxg3 25. Nxg3 Nxf4 26. Qa5 Nd7 27. Qxa7 1-0

[Event "Challenge"]
[Site "http://www.queenalice.com/game.php?id=1227973"]
[Date "2013.10.28"]
[Round "-"]
[White "seoulmama"]
[Black "tucot"]
[Result "1-0"]
[WhiteElo "2134"]
[BlackElo "2384"]

1. d4 Nf6 2. Bg5 e6 3. e4 h6 4. Bxf6 Qxf6 5. Nc3 g5 6. e5 Qd8 7. Qh5 Bg7 8.
O-O-O d5 9. h4 gxh4 10. Nf3 c5 11. dxc5 Bd7 12. Rxh4 Qa5 13. Rg4 Kf8 14. Rf4 Be8
15. Nd4 Ke7 16. Qh4+ Kd7 17. Nxd5 1-0

[Event "Challenge"]
[Site "http://www.queenalice.com/game.php?id=1228336"]
[Date "2013.10.29"]
[Round "-"]
[White "patoche"]
[Black "seoulmama"]
[Result "1-0"]
[WhiteElo "2431"]
[BlackElo "2150"]

1. e4 e6 2. Nf3 d5 3. e5 c5 4. b4 d4 5. Bb2 Nc6 6. b5 Nce7 7. Na3 b6 8. c3 Nf5
9. Bd3 Bb7 10. Nc4 Ngh6 11. O-O g5 12. Ne1 g4 13. Qe2 Qd5 14. f3 gxf3 15. Nxf3
O-O-O 16. cxd4 Rg8 17. Ne3 Qd7 18. Nxf5 Nxf5 19. Bxf5 exf5 20. dxc5 Bxc5+ 21. d4
Bf8 22. a4 Rg4 23. a5 Kb8 24. axb6 axb6 25. h3 Rg3 26. Kh2 f4 27. Bc1 Bh6 28.
Ba3 Rdg8 29. Bd6+ Kc8 30. Qc4+ Kd8 31. Rf2 Bxf3 32. Rxf3 Rxg2+ 33. Kh1 Qb7 34.
Ra8+ Kd7 35. Qxf7# 1-0

[Event "Challenge"]
[Site "http://www.queenalice.com/game.php?id=1228337"]
[Date "2013.10.29"]
[Round "-"]
[White "seoulmama"]
[Black "patoche"]
[Result "0-1"]
[WhiteElo "2154"]
[BlackElo "2429"]

1. d4 Nf6 2. Bg5 c5 3. Bxf6 gxf6 4. d5 Qb6 5. Qc1 f5 6. e3 Na6 7. Nh3 Bg7 8. c3
Qd6 9. Nf4 Be5 10. Qd2 Nc7 11. c4 b5 12. Nc3 bxc4 13. Bxc4 Rb8 14. O-O h5 15.
Rad1 Rg8 16. Qe2 h4 17. Qh5 Rxb2 18. Nce2 Na8 19. Qh7 Rh8 20. Qxf5 Nb6 21. Qd3
Nxc4 22. Qxc4 Ba6 0-1

[Event "Challenge"]
[Site "http://www.queenalice.com/game.php?id=1228376"]
[Date "2013.10.30"]
[Round "-"]
[White "tucot"]
[Black "seoulmama"]
[Result "1-0"]
[WhiteElo "2335"]
[BlackElo "2135"]

1. d4 e6 2. g3 f5 3. c4 Nf6 4. Bg2 d5 5. Nf3 c6 6. O-O Bd6 7. b3 Qe7 8. a4 O-O
9. Ba3 Bxa3 10. Nxa3 a5 11. Nc2 Na6 12. Nce1 Nb4 13. Ne5 b6 14. N1d3 Bb7 15. c5
Nxd3 16. Nxd3 Nd7 17. Rc1 Qd8 18. Qd2 Ba6 19. Nf4 Rf6 20. cxb6 Qxb6 21. Rc3 g5
22. Nh5 Rg6 23. Rfc1 Bb7 24. h4 h6 25. hxg5 hxg5 26. g4 f4 27. Qd3 Kf7 28. e3
Rag8 29. Re1 Nf8 30. exf4 gxf4 31. f3 Qd8 32. Qd2 Ke8 33. Nxf4 Rf6 34. Nh5 Rfg6
35. Rce3 Kd7 36. Nf4 Rf6 37. Nd3 Kc8 38. Nc5 Rgg6 39. b4 axb4 40. Qxb4 Qc7 41.
a5 Qg7 42. Rb1 Rf7 43. a6 1-0

[Event "Challenge"]
[Site "http://www.queenalice.com/game.php?id=1228623"]
[Date "2013.10.30"]
[Round "-"]
[White "seoulmama"]
[Black "patoche"]
[Result "0-1"]
[WhiteElo "2143"]
[BlackElo "2435"]

1. d4 Nf6 2. Bg5 Ne4 3. Bf4 d5 4. f3 Nf6 5. e4 dxe4 6. Nc3 exf3 7. Nxf3 e6 8.
Bd3 Nc6 9. Qd2 Nb4 10. Bc4 Be7 11. O-O-O a6 12. Ne5 b5 13. Be2 Bb7 14. Rhe1 Rc8
15. Qe3 Nfd5 16. Nxd5 Nxd5 17. Qg3 Nxf4 18. Qxg7 Nxe2+ 19. Rxe2 Bg5+ 0-1

[Event "Challenge"]
[Site "http://www.queenalice.com/game.php?id=1228624"]
[Date "2013.10.30"]
[Round "-"]
[White "patoche"]
[Black "seoulmama"]
[Result "1-0"]
[WhiteElo "2433"]
[BlackElo "2146"]

1. e4 e6 2. Nf3 d5 3. e5 c5 4. b4 cxb4 5. a3 Nc6 6. axb4 Bxb4 7. c3 Be7 8. d4 f6
9. Bd3 fxe5 10. dxe5 Bd7 11. O-O Rc8 12. Qe2 a6 13. Ra4 Nh6 14. Bxh6 gxh6 15.
Re1 O-O 16. Rg4+ Kh8 17. Qe3 h5 18. Qh6 1-0

[Event "Challenge"]
[Site "http://www.queenalice.com/game.php?id=1229558"]
[Date "2013.11.3"]
[Round "-"]
[White "seoulmama"]
[Black "patoche"]
[Result "0-1"]
[WhiteElo "2140"]
[BlackElo "2437"]

1. e4 Nc6 2. Nf3 f5 3. e5 d6 4. Bb5 dxe5 5. Nxe5 Qd5 6. Bxc6+ bxc6 7. Qh5+ g6 8.
Nxg6 Nf6 9. Qh4 Qxg2 10. Rf1 Qxg6 0-1

[Event "Challenge"]
[Site "http://www.queenalice.com/game.php?id=1229559"]
[Date "2013.11.3"]
[Round "-"]
[White "patoche"]
[Black "seoulmama"]
[Result "1-0"]
[WhiteElo "2441"]
[BlackElo "2141"]

1. e4 e6 2. Qe2 b6 3. d4 Ba6 4. c4 Nc6 5. Nf3 Bb4+ 6. Bd2 Nf6 7. Bxb4 Nxb4 8. a3
Nc6 9. e5 Ng4 10. h3 Nh6 11. Qe4 f5 12. Qe3 O-O 13. Be2 Nf7 14. O-O Kh8 15. Rd1
Qe7 16. b4 Bb7 17. Nc3 d6 18. exd6 Qxd6 19. c5 bxc5 20. dxc5 Qe7 21. b5 Na5 22.
c6 Bc8 23. Nd5 Qd6 24. Nf4 Qe7 25. Qc3 1-0

[Event "Challenge"]
[Site "http://www.queenalice.com/game.php?id=1229560"]
[Date "2013.11.3"]
[Round "-"]
[White "patoche"]
[Black "seoulmama"]
[Result "1-0"]
[WhiteElo "2443"]
[BlackElo "2144"]

1. d4 Nf6 2. c4 g6 3. Nc3 Bg7 4. Bg5 O-O 5. e4 d6 6. Nf3 h6 7. Bh4 Na6 8. h3 Qe8
9. Qd2 g5 10. Bg3 e5 11. dxe5 dxe5 12. O-O-O Nc5 13. Qe3 Na4 14. Nb5 Qe7 15.
Bxe5 Qb4 16. a3 Qe7 17. Nxc7 Ng4 18. hxg4 Bxe5 19. Nd5 Bxb2+ 20. Kc2 Qd8 21. e5
Qa5 22. Nf6+ Kg7 23. Qxg5+ 1-0

[Event "Challenge"]
[Site "http://www.queenalice.com/game.php?id=1229561"]
[Date "2013.11.3"]
[Round "-"]
[White "seoulmama"]
[Black "patoche"]
[Result "0-1"]
[WhiteElo "2144"]
[BlackElo "2439"]

1. e4 Nc6 2. d4 d5 3. e5 f6 4. Nf3 Bg4 5. Be2 Bxf3 6. Bxf3 fxe5 7. dxe5 e6 8.
Bf4 Nge7 9. O-O Ng6 10. Bh5 Qd7 11. Qg4 O-O-O 12. Bxg6 hxg6 13. Nc3 Qf7 14. Bg3
Qf5 15. Qa4 Bc5 16. Rfe1 Rxh2 17. Kxh2 Bxf2 18. Qh4 g5 19. Qh3 g4 20. Qh4 g5 0-1

[Event "Challenge"]
[Site "http://www.queenalice.com/game.php?id=1229943"]
[Date "2013.11.4"]
[Round "-"]
[White "patoche"]
[Black "seoulmama"]
[Result "1-0"]
[WhiteElo "2469"]
[BlackElo "2139"]

1. Nf3 Nf6 2. d4 g6 3. Bg5 Bg7 4. Nbd2 c5 5. e3 O-O 6. Bxf6 Bxf6 7. Ne4 Qb6 8.
Nxc5 Qxb2 9. Bc4 Nc6 10. O-O d6 11. Ne4 Bg7 12. Rb1 Qa3 13. Qd3 Qxd3 14. cxd3
Na5 15. Nc3 Bg4 16. Rfc1 Rab8 17. h3 Bd7 18. Bb5 Bxb5 19. Nxb5 a6 20. Nc7 e6 21.
d5 e5 22. Nd2 Rfc8 23. Ne4 Rd8 24. Rc2 Rbc8 25. Rbc1 h6 26. g4 Kh8 27. h4 f5 28.
Ne6 Rxc2 29. Rxc2 Rg8 30. Nxd6 Bf6 31. Nf7+ Kh7 32. Rc7 1-0

[Event "Challenge"]
[Site "http://www.queenalice.com/game.php?id=1229944"]
[Date "2013.11.4"]
[Round "-"]
[White "seoulmama"]
[Black "patoche"]
[Result "0-1"]
[WhiteElo "2141"]
[BlackElo "2468"]

1. e4 Nc6 2. d4 d5 3. e5 f6 4. Nf3 Bg4 5. Be2 Bxf3 6. Bxf3 fxe5 7. dxe5 e6 8.
Bf4 Nge7 9. O-O Ng6 10. Bh5 Qd7 11. Qg4 O-O-O 12. Bxg6 hxg6 13. Nc3 Qf7 14. Bg3
Qf5 15. Qa4 Bc5 16. Rae1 a6 17. a3 Bb6 18. Na2 g5 19. Nc1 Rh6 20. Nd3 Rdh8 21.
Rd1 Rxh2 22. Bxh2 Qh7 23. Rfe1 Qxh2+ 24. Kf1 Nd4 0-1

[Event "Let's Play Chess!"]
[Site "http://www.queenalice.com/game.php?id=1230954"]
[Date "2013.11.9"]
[Round "-"]
[White "seoulmama"]
[Black "hba111"]
[Result "0-1"]
[WhiteElo "2129"]
[BlackElo "2894"]

1. e4 c5 2. Nc3 Nc6 3. f4 e6 4. Nf3 a6 5. g3 d5 6. Bg2 d4 7. Ne2 b5 8. d3 Bb7 9.
O-O Nf6 10. h3 Qb6 11. Kh1 Be7 12. Bd2 O-O 13. g4 a5 14. Ng3 a4 15. g5 Nd7 0-1

[Event "Challenge"]
[Site "http://www.queenalice.com/game.php?id=1231358"]
[Date "2013.11.9"]
[Round "-"]
[White "seoulmama"]
[Black "patoche"]
[Result "0-1"]
[WhiteElo "2105"]
[BlackElo "2503"]

1. d4 Nf6 2. Bg5 c5 3. Bxf6 gxf6 4. d5 Qb6 5. Qc1 f5 6. c4 Bg7 7. Nc3 d6 8. e3
Nd7 9. Be2 Rg8 10. Nh3 Ne5 11. Nf4 Qb4 12. a3 Qb3 13. Nb5 Kd8 14. O-O a6 15. Nc3
Nxc4 16. Bxc4 Qxc4 17. Qd2 Bd7 18. Rac1 Qb3 19. Rfd1 Rc8 20. Qe2 b5 21. Qh5 Ke8
22. e4 Qxb2 23. Nce2 Qf6 0-1

[Event "Challenge"]
[Site "http://www.queenalice.com/game.php?id=1231359"]
[Date "2013.11.9"]
[Round "-"]
[White "patoche"]
[Black "seoulmama"]
[Result "1-0"]
[WhiteElo "2470"]
[BlackElo "2137"]

1. f4 d6 2. c4 e5 3. d3 Nc6 4. e4 Nf6 5. Nc3 Be7 6. Nf3 Bg4 7. Be2 O-O 8. O-O
Qd7 9. Be3 Rfe8 10. h3 Bxf3 11. Bxf3 Rad8 12. Rc1 Bf8 13. Nd5 Be7 14. Qd2 Rc8
15. Nxf6+ Bxf6 16. Bg4 1-0

[Event "Let's Play Chess!"]
[Site "http://www.queenalice.com/game.php?id=1231990"]
[Date "2013.11.12"]
[Round "-"]
[White "seoulmama"]
[Black "Zugswang"]
[Result "0-1"]
[WhiteElo "2128"]
[BlackElo "2147"]

1. e4 g6 2. d4 Bg7 3. Nc3 d6 4. Be3 Nf6 5. h3 O-O 6. Qd2 e5 7. dxe5 dxe5 8.
O-O-O Qe7 9. Bg5 Be6 10. Nf3 Nbd7 11. Bb5 c6 12. Be2 Qb4 13. Qd6 Qa5 14. Bd2 Qc5
15. Be3 Qa5 16. Ng5 Bxa2 17. Qa3 Qxa3 18. bxa3 h6 19. Nxa2 hxg5 20. f3 Nb6 21.
Bxg5 Nh5 22. Bh4 Bh6+ 23. Kb1 g5 24. Bf2 Nf4 25. Bf1 Rad8 26. Rxd8 Rxd8 27. Nc3
Bf8 28. Kb2 Nc8 0-1

[Event "Challenge"]
[Site "http://www.queenalice.com/game.php?id=1232022"]
[Date "2013.11.12"]
[Round "-"]
[White "patoche"]
[Black "seoulmama"]
[Result "1-0"]
[WhiteElo "2504"]
[BlackElo "2104"]

1. Nc3 g6 2. e4 Bg7 3. d4 d6 4. f4 c6 5. Nf3 Qb6 6. Bc4 d5 7. exd5 Nf6 8. d6 O-O
9. dxe7 Re8 10. O-O Rxe7 11. Re1 Rxe1+ 12. Qxe1 Bg4 13. Ne5 1-0

[Event "Challenge"]
[Site "http://www.queenalice.com/game.php?id=1232023"]
[Date "2013.11.12"]
[Round "-"]
[White "seoulmama"]
[Black "patoche"]
[Result "0-1"]
[WhiteElo "2117"]
[BlackElo "2502"]

1. e4 Nc6 2. Nf3 f5 3. e5 d6 4. d4 dxe5 5. dxe5 Qxd1+ 6. Kxd1 e6 7. Be3 Bd7 8.
c3 Nge7 9. h4 Nd5 10. Bd4 Nxd4 11. Nxd4 Rd8 12. Kc2 Bc5 13. Nd2 Ba4+ 0-1

[Event "Challenge"]
[Site "http://www.queenalice.com/game.php?id=1232105"]
[Date "2013.11.13"]
[Round "-"]
[White "seoulmama"]
[Black "tucot"]
[Result "0-1"]
[WhiteElo "2116"]
[BlackElo "2322"]

1. e4 e5 2. Nf3 Nc6 3. d4 exd4 4. Nxd4 Nf6 5. Nxc6 bxc6 6. e5 Qe7 7. Qe2 Nd5 8.
c4 Ba6 9. b3 f6 10. Bb2 Nf4 11. Qe3 Ng6 12. exf6 Qxe3+ 13. fxe3 Bb4+ 14. Nd2
gxf6 15. Bxf6 O-O 16. Bb2 Rae8 17. O-O-O Rxe3 18. Nf3 d6 0-1